Rebeldes, Romǹticos y Profetas La responsabilidad de sacerdotes, polt̕icos e intelectuales en el conflicto armado colombiano /

Bibliographic Details
Main Author: Garzn̤ Vallejo, Ivǹ
Format: eBook
Language:Spanish
Published: Cha̕: Universidad de La Sabana, 2020
Subjects:
Online Access:Acceso restringido

MARC

LEADER 00000nam a22000007a 4500
005 20200714215757.0
007 cr|||| ||||
008 200714s2020 co |||||s|||| 00||0 spa d
020 |a 978-958-42-8716-8 
035 |a 31798 
040 |a vLex 
090 |c 10626  |d 10626 
100 1 |a Garzn̤ Vallejo, Ivǹ 
245 1 0 |a Rebeldes, Romǹticos y Profetas  |h [Recurso electrn̤ico] :  |b La responsabilidad de sacerdotes, polt̕icos e intelectuales en el conflicto armado colombiano /  |c Ivǹ Garzn̤ Vallejo 
256 |a Servicio en ln̕ea 
260 |a Cha̕:  |b Universidad de La Sabana,  |c 2020 
300 |a 1 recurso electrn̤ico 
506 1 |a Disponible solo en los productos indicados  |d vLex Global  |d vLex Global (Academic Edition, excluding Law Schools)  |d vLex Global (U.S. Academic Edition, Law Schools)  |d vLex Global (U.S. Academic Edition, excluding Law Schools)  |d vLex Global (Academic Edition, Law Schools) 
650 0 4 |a Derecho Pb︢lico y Administrativo  |z Colombia 
740 0 |a vLex Libros (Servicio en ln̕ea) 
856 4 0 |u http://vlex.com/source/rebeldes-romanticos-y-profetas-la-responsabilidad-de-sacerdotes-politicos-e-intelectuales-en-el-conflicto-armado-colombiano-31798  |z Acceso restringido 
942 |c BOOK 
999 0 |a Public and Administrative Law